Bee Movie - The First 500 Words - Statistics

General Stats
  • This quiz has been taken 860 times
    850 since last reset
  • The average score is 226 of 500
Answer Stats
The Bee Movie Script: % Correct
be
98%
a
97%
A
97%
bee
96%
bee,
96%
Bee
96%
I
94%
the
94%
The
94%
to
87%
an
82%
fly.
82%
is
80%
Is
80%
is?
80%
no
79%
No,
79%
it
78%
it.
78%
it!
78%
of
78%
of...
78%
when
78%
are
76%
are!
76%
do
76%
do?
76%
you
76%
you,
76%
You
76%
he
74%
should
73%
there
73%
we
72%
We
72%
all
71%
and
70%
And
70%
too
69%
what
69%
What
69%
know
68%
able
67%
Hi,
67%
Honey
66%
Honey!
66%
honey
66%
Its
65%
its
65%
it's
65%
wings
64%
bees
63%
bees,
63%
go!
63%
way
63%
way.
63%
small
61%
body
60%
fat
60%
off
59%
on
59%
Yellow,
59%
yellow,
59%
yellow!
59%
black.
58%
Black
58%
I'm
58%
in
58%
up
58%
up.
58%
up!
58%
don't
57%
Don't
57%
little
57%
little.
57%
not
57%
Not
57%
where
57%
for
56%
get
56%
that
56%
That
56%
think
56%
According
55%
Can
55%
can
55%
ground.
55%
Your
55%
your
55%
Barry!
54%
Barry?
54%
Barry,
54%
Barry.
54%
course,
54%
Hear
54%
Ma!
54%
me!
54%
Because
53%
laws
53%
She
53%
known
51%
care
50%
my
49%
us!
49%
aviation,
48%
flies
47%
this
47%
This
47%
why
47%
work
47%
good
46%
good.
46%
hive.
46%
Hive
46%
We're
46%
were
46%
humans
45%
was
45%
anyway.
44%
day,
44%
day
44%
day.
44%
have
44%
men.
44%
Hello?
42%
Yes,
42%
does
41%
as
40%
as...
40%
could
40%
Will
40%
here.
39%
Here
39%
Let's
39%
out
39%
at
38%
At
38%
going
38%
going.
38%
our
38%
Our
38%
just
37%
life
37%
life.
37%
can't.
36%
every
36%
job
36%
those.
36%
Those
36%
got
35%
love
35%
ready!
35%
did
34%
father
34%
sting
34%
come
33%
impossible.
33%
like?
33%
thing
33%
very
33%
Very
33%
about
32%
make
32%
Pollen
32%
We'll
32%
Well,
32%
Right.
31%
right.
31%
cousin!
30%
die.
30%
Hey,
30%
shake
30%
believe
29%
Breakfast
29%
flying
29%
house!
29%
Three
29%
three
29%
Use
29%
You're
29%
Coming!
28%
girl
28%
Ooh!
28%
proud
28%
proud.
28%
school,
28%
school.
28%
today
28%
today?
28%
with
28%
back
27%
days
27%
New
27%
new
27%
pick
27%
son.
27%
stop
27%
I'll
26%
money
26%
Never
26%
stairs.
26%
Adam?
25%
Adam.
25%
Adam,
25%
thought
25%
told
25%
bit
24%
hot.
24%
need
24%
Ow!
24%
second.
24%
She's
24%
That's
24%
welcome
24%
Welcome,
24%
Welcome
24%
whole
24%
around
23%
high
23%
paid
23%
Yeah.
23%
cousins.
22%
graduation.
22%
I'd
22%
inside
22%
Keep
22%
someone
22%
Sorry.
22%
fuzz.
21%
fuzz
21%
into
21%
part
21%
bring
20%
college.
20%
graduate.
20%
knows,
20%
perfect
20%
point
20%
sweet
20%
These
20%
took
20%
after
19%
excited.
19%
Hang
19%
please
19%
under
19%
Boy,
18%
Bye!
18%
hands
18%
happening?
18%
nectar
18%
times.
18%
waste
18%
B's.
17%
class
17%
Everybody
17%
Looking
17%
card,
16%
different.
16%
gel?
16%
guess
16%
report
16%
worked
16%
funeral?
15%
glad
15%
gotten
15%
sharp.
15%
enough.
14%
grade
14%
Honex
14%
Honex,
14%
Looks
14%
makes?
14%
row
14%
Special
14%
squirrel.
14%
heard
13%
Here's
13%
lint
13%
top
13%
Wonder
13%
Group.
12%
Jocks
12%
Wave
12%
Wow.
12%
...9:15.
11%
career
11%
park
11%
Such
11%
antennas
10%
awkward.
10%
City
10%
concludes
10%
graduating
10%
hitchhiked
10%
118,000.
9%
Amen!
9%
begins
9%
color
9%
golden
9%
Hallelujah!
9%
Heads
9%
Hexagon
9%
quite
9%
Students,
9%
growing
8%
Honesco
8%
hothead.
8%
Industries!
8%
orientation.
8%
scary.
8%
amusement
7%
distinguished
7%
division
7%
Frankie?
7%
glow
7%
helmet
7%
it'll
7%
Krelman.
7%
mustache?
7%
strive
7%
tram
7%
Artie,
6%
Buzzwell.
6%
Catches
6%
ceremonies.
6%
circumstances.
6%
Dean
6%
faculty,
6%
incorporating
6%
secret
6%
syrup
6%
technology.
6%
testing
6%
vacations.
6%
aspect
5%
formula
5%
hangs
5%
improve
5%
latest
5%
pomp...
5%
scent
5%
strand
5%
valiant
5%
adjusted,
4%
advancement,
4%
bubble
4%
constantly
4%
corrected,
4%
distinctive
4%
existence.
4%
soothing
4%
stress
4%
automatically
3%
contoured
3%
No matching quizzes found
Score Distribution
Percent of People with Each Score
Percentile by Number Answered
Your Score History
You have not taken this quiz since the last reset